000 01078cab a22001935a 4500
001 L145655
008 081029e20081016xxkdo f 000 0 eng d
035 _a(Sirsi) u145655
041 0 _aeng
110 2 _aConstruction News
_92644
245 0 0 _aHBG name goes but company is still on the up
260 _c2008
490 _aConstruction News
_v(7090) 16 October 2008, 18-19 (2)
520 _aReveals that Mace is at the top of the monthly Emap Glenigan league table and the former HBG, now known as Bam Construct is second on the list. Presents: a list of the 50 top contractors and the top 50 clients in September 2008 and for the year to September 2008; the 10 top civil contractors for the year to September 2008; a market forecast and analysis with the list of 10 top public housing contractors for the year to September 2008. Details lists of contractors and clients by number of contracts and total value of contracts in millions of pounds.
590 _aKA
651 4 _aEngland and Wales
_y1543-
690 _aBUILT ENVIRONMENT-CONSTRUCTION MARKET
942 _n0
999 _c80919
_d80919